000 00295 a2200145 4500
001 161808
020 _a
040 _cMagnum
100 _aMiguel, Lourdes
240 1 0 _aUna nota falsa
_lESP
245 1 0 _aUna nota falsa
362 0 _a1899
697 _aLITERATURA ESTRANGEIRA
942 _cBK
999 _c161808
_d161808